[Event "Challenge"]
[Site "http://www.queenalice.com/game.php?id=1419006"]
[Date "2016.4.19"]
[Round "-"]
[White "Tomas777"]
[Black "Varela27"]
[Result "0-1"]
[WhiteElo "1587"]
[BlackElo "1982"]

1. c4 Nf6 2. d4 g6 3. Nc3 d5 4. c5 e6 5. e3 Nbd7 6. Bd3 e5 7. Nge2 e4 8. Bc2 c6
9. O-O b6 10. h3 bxc5 11. b3 cxd4 12. exd4 Ba6 13. Re1 Nh5 14. Ng3 Nxg3 15. fxg3
f5 16. Rf1 Bxf1 17. Qxf1 Bd6 18. Bf4 Bxf4 19. gxf4 Nf8 20. a4 Ne6 21. a5 Nxd4
22. Bd1 Ne6 23. b4 Qd6 24. a6 Nxf4 25. Ra2 Nd3 26. b5 Qc5+ 27. Kh2 Qxc3 28. Rc2
Qe5+ 29. Kh1 c5 30. Ra2 Rb8 31. Ba4 O-O 32. Rc2 c4 33. Ra2 f4 34. Bd1 Rxb5 35.
Ba4 Ra5 0-1

[Event "Challenge"]
[Site "http://www.queenalice.com/game.php?id=1419007"]
[Date "2016.4.19"]
[Round "-"]
[White "Varela27"]
[Black "Tomas777"]
[Result "1-0"]
[WhiteElo "1904"]
[BlackElo "1669"]

1. c4 c5 2. Nf3 Nf6 3. Nc3 Nc6 4. g3 e5 5. Bg2 Bd6 6. O-O O-O 7. e4 h6 8. d3 Nd4
9. Nxd4 cxd4 10. Nd5 b6 11. Nxf6+ Qxf6 12. f4 exf4 13. e5 Bxe5 14. Bxa8 Qg6 15.
Bxf4 d6 16. Be4 Bf5 17. Bxf5 Qxf5 18. Bxh6 Qg6 19. Bf4 Bf6 20. Bxd6 Rd8 21. Bf4
Bh4 22. Qa4 a5 23. Rae1 f6 24. Qc6 Kh7 25. Qxb6 Rf8 26. Qxa5 Qg4 27. Bd6 Rg8 28.
Rf4 Qg5 29. Rxh4+ Kg6 30. Qxg5+ fxg5 31. Re6+ Kf5 32. Rhe4 g4 33. R4e5# 1-0

[Event "Challenge"]
[Site "http://www.queenalice.com/game.php?id=1419008"]
[Date "2016.4.19"]
[Round "-"]
[White "Tomas777"]
[Black "Bategoll"]
[Result "0-1"]
[WhiteElo "1455"]
[BlackElo "1867"]

1. c4 f5 2. d4 Nf6 3. Nc3 e6 4. e3 Be7 5. Bd3 O-O 6. Nf3 d6 7. d5 e5 8. e4 f4 9.
O-O Bg4 10. h3 Bh5 11. b3 Nbd7 12. Be2 Nc5 13. a3 Ncxe4 14. Nxe4 Nxe4 15. Bd3
Nc3 16. Qd2 e4 17. Bxe4 Nxe4 18. Qd4 Bxf3 19. gxf3 Bf6 20. Qxe4 Bxa1 21. Bxf4
Bf6 22. Be3 Qd7 23. Kh2 Rae8 24. Qd3 c5 25. f4 a6 0-1

[Event "Challenge"]
[Site "http://www.queenalice.com/game.php?id=1419009"]
[Date "2016.4.19"]
[Round "-"]
[White "Bategoll"]
[Black "Tomas777"]
[Result "1-0"]
[WhiteElo "1869"]
[BlackElo "1453"]

1. e4 e5 2. Bc4 Bc5 3. Bxf7+ Kxf7 4. Qh5+ Ke6 5. d3 Nf6 6. Qh3+ Kd6 7. Ne2 b6 8.
Nbc3 a6 9. Bg5 c6 10. O-O-O Kc7 11. g3 d6 12. Qg2 Bg4 13. f3 Bh5 14. g4 Bf7 15.
d4 h6 16. dxc5 bxc5 17. Bh4 g5 18. Bf2 Nbd7 19. Kb1 Qb8 20. Nc1 Qb5 21. Nb3 Nb6
22. Nxb5+ cxb5 23. h4 Nbd7 24. hxg5 Nh7 25. Rxh6 1-0

[Event "Challenge"]
[Site "http://www.queenalice.com/game.php?id=1419010"]
[Date "2016.4.19"]
[Round "-"]
[White "ulisses34"]
[Black "Tomas777"]
[Result "1-0"]
[WhiteElo "1749"]
[BlackElo "1644"]

1. e4 e5 2. Nf3 Nc6 3. d3 d5 4. Bg5 f6 5. Bd2 Nge7 6. Nc3 d4 7. Ne2 h6 8. Qb1
Ng6 9. Ng3 Bg4 10. Be2 Be7 11. Ng1 Qd7 12. Nf5 Bxe2 13. Nxe2 O-O 14. Qc1 a5 15.
Bxh6 Bb4+ 16. c3 dxc3 17. bxc3 gxh6 18. cxb4 Nxb4 19. O-O Nxd3 20. Qc4+ Kh7 21.
Nc3 Nb2 22. Qe2 Nd3 23. Rad1 Ngf4 24. Qf3 Rad8 25. Ne2 Qf7 26. Nxf4 Nxf4 27.
Rxd8 1-0

[Event "christine - 01"]
[Site "http://www.queenalice.com/game.php?id=1419069"]
[Date "2016.4.20"]
[Round "-"]
[White "christine91"]
[Black "Tomas777"]
[Result "1-0"]
[WhiteElo "1879"]
[BlackElo "1615"]

1. e4 d5 2. exd5 Qxd5 3. d4 Bf5 4. Nf3 Nf6 5. Be2 e6 6. Nc3 Bb4 7. Bd2 a6 8. O-O
O-O 9. Bg5 Qc6 10. Ne5 Qd6 11. f4 h6 12. Bh4 Nd5 13. Nxd5 Qxd5 14. c3 Bd6 15.
Bf3 Qb5 16. b3 c6 17. c4 Qa5 18. Be1 Bb4 19. Bxb4 Qxb4 20. Qe1 Qb6 21. Rd1 a5
22. c5 Qd8 23. Bg4 Bc2 24. Rc1 Qxd4+ 25. Kh1 Be4 26. Rd1 Qb4 27. Bf3 1-0

[Event "christine - 04"]
[Site "http://www.queenalice.com/game.php?id=1419074"]
[Date "2016.4.20"]
[Round "-"]
[White "Tomas777"]
[Black "christine91"]
[Result "0-1"]
[WhiteElo "1403"]
[BlackElo "1906"]

1. Nf3 Nf6 2. Nc3 d5 3. d4 e6 4. e3 Nc6 5. Bd3 Bb4 6. a3 Bxc3+ 7. bxc3 O-O 8.
O-O Re8 9. c4 Ne4 10. c5 f5 11. Ne5 Nxe5 12. dxe5 c6 13. a4 Qc7 14. f4 b6 15.
Qh5 Qf7 16. Qh4 Qe7 17. Ba3 Qxh4 18. Be2 bxc5 19. a5 d4 20. Bf3 Nd2 21. Bxc6
Nxf1 22. Rxf1 Rb8 0-1

[Event "christine - 05"]
[Site "http://www.queenalice.com/game.php?id=1419075"]
[Date "2016.4.20"]
[Round "-"]
[White "christine91"]
[Black "Tomas777"]
[Result "1-0"]
[WhiteElo "1919"]
[BlackElo "1741"]

1. a3 a5 2. d4 d5 3. Nc3 Nf6 4. e3 e6 5. Bd3 Bd6 6. Nf3 O-O 7. O-O Bd7 8. Qe2 c6
9. Bd2 b5 10. Rac1 Qc7 11. h3 h6 12. e4 dxe4 13. Nxe4 Bc8 14. Nxf6+ gxf6 15.
Bxh6 Re8 16. Nh4 Nd7 17. Qg4+ Kh8 18. Qg7# 1-0

[Event "christine - 08"]
[Site "http://www.queenalice.com/game.php?id=1419078"]
[Date "2016.4.20"]
[Round "-"]
[White "Tomas777"]
[Black "christine91"]
[Result "0-1"]
[WhiteElo "1621"]
[BlackElo "1865"]

1. e4 e5 2. c4 Nf6 3. d3 Nc6 4. Be2 d6 5. Nf3 Bg4 6. Nh4 Bxe2 7. Qxe2 Be7 8. O-O
O-O 9. Qf3 Nd4 10. Qg3 Ne2+ 11. Kh1 Nxg3+ 12. fxg3 Ne8 13. Nf5 Bf6 14. h4 g6 15.
Nh6+ Kg7 16. Nc3 Kh8 17. Nd5 Bg7 18. Bg5 Qd7 19. Ng4 Qxg4 20. Be7 f6 21. Bxf8
Bxf8 22. Kh2 Kg7 23. Rf3 c6 24. Ne3 Qd7 25. b4 a5 0-1

[Event "christine - 09"]
[Site "http://www.queenalice.com/game.php?id=1419079"]
[Date "2016.4.20"]
[Round "-"]
[White "christine91"]
[Black "Tomas777"]
[Result "1-0"]
[WhiteElo "1908"]
[BlackElo "1401"]

1. e4 e5 2. Nf3 Nc6 3. Bb5 a6 4. Bxc6 dxc6 5. O-O Bd6 6. d4 Qe7 7. Nc3 Nf6 8.
Bg5 h6 9. Bh4 O-O 10. d5 c5 11. Ne1 b5 12. Bg3 c4 13. f4 Bc5+ 14. Kh1 Bg4 15.
Nf3 Nh5 16. fxe5 f6 17. Re1 f5 18. d6 cxd6 19. exd6 Qd7 20. Qd5+ Kh7 21. Qxc5
Nf6 22. Ne5 Qe6 23. Nxg4 1-0

[Event "christine - 10"]
[Site "http://www.queenalice.com/game.php?id=1419080"]
[Date "2016.4.20"]
[Round "-"]
[White "Tomas777"]
[Black "christine91"]
[Result "0-1"]
[WhiteElo "1550"]
[BlackElo "1875"]

1. e4 e5 2. d3 Nf6 3. Nf3 Nc6 4. c3 Be7 5. Be2 O-O 6. O-O d6 7. Na3 Bg4 8. h3
Bh5 9. Nh4 Bxe2 10. Qxe2 Nxe4 11. Nf5 Nf6 12. b4 a6 13. Be3 Ne8 14. Qg4 a5 15.
b5 Nb8 16. Nc4 Nd7 17. Bh6 Bf6 18. h4 Kh8 19. Be3 g6 20. Nh6 Ng7 21. h5 Nc5 22.
Nd2 Qd7 0-1

[Event "christine - 15"]
[Site "http://www.queenalice.com/game.php?id=1419284"]
[Date "2016.4.21"]
[Round "-"]
[White "christine91"]
[Black "Tomas777"]
[Result "1-0"]
[WhiteElo "1923"]
[BlackElo "1534"]

1. d4 d5 2. Nc3 Nf6 3. e3 e6 4. Nf3 Bb4 5. Bd2 O-O 6. Bd3 h6 7. O-O a6 8. Ne5
Bd6 9. f4 Qe7 10. Qf3 b5 11. a3 Nbd7 12. Nc6 Qe8 13. Ne5 Bb7 14. Ne2 g6 15. Qh3
h5 16. Nc3 Nh7 17. Nd1 Ndf6 18. b3 a5 19. Qf3 a4 20. Qe2 Ng4 21. Nxg4 Bc8 22.
Ne5 c6 23. e4 1-0

[Event "christine - 16"]
[Site "http://www.queenalice.com/game.php?id=1419285"]
[Date "2016.4.21"]
[Round "-"]
[White "Tomas777"]
[Black "christine91"]
[Result "0-1"]
[WhiteElo "1397"]
[BlackElo "1912"]

1. e3 e5 2. Qf3 Nf6 3. Nc3 Be7 4. Nh3 O-O 5. g3 Nc6 6. Bb5 d6 7. Ng1 Bd7 8. Ba4
Bg4 9. Qg2 a6 10. a3 Rb8 11. h3 Bd7 12. Nf3 Na7 13. O-O Qc8 14. Bxd7 Qxd7 15. b4
c6 16. d4 Nb5 17. Na4 Nc7 18. c4 c5 19. bxc5 Qxa4 20. Nd2 dxc5 21. d5 b5 22. d6
Bxd6 23. e4 bxc4 0-1

[Event "Let's Play Chess!"]
[Site "http://www.queenalice.com/game.php?id=1419481"]
[Date "2016.4.23"]
[Round "-"]
[White "charles31"]
[Black "Tomas777"]
[Result "1-0"]
[WhiteElo "1844"]
[BlackElo "1566"]

1. d4 d5 2. Nc3 Nf6 3. h3 e6 4. Bg5 h6 5. Bf4 Bd6 6. Bxd6 Qxd6 7. Nf3 O-O 8. e3
Qb4 9. Qc1 Nc6 10. a3 Qb6 11. Bd3 Bd7 12. g4 1-0

[Event "Let's Play Chess!"]
[Site "http://www.queenalice.com/game.php?id=1419482"]
[Date "2016.4.23"]
[Round "-"]
[White "Tomas777"]
[Black "charles31"]
[Result "0-1"]
[WhiteElo "1557"]
[BlackElo "1853"]

1. e4 e5 2. d4 exd4 3. Qxd4 Nc6 4. Qe3 d6 5. Bd3 a6 6. Nf3 h6 7. O-O Be6 8. Nc3
Qd7 9. h3 Be7 10. a3 g5 11. Qe2 O-O-O 0-1

[Event "Let's Play Chess!"]
[Site "http://www.queenalice.com/game.php?id=1419483"]
[Date "2016.4.23"]
[Round "-"]
[White "charles31"]
[Black "Tomas777"]
[Result "1-0"]
[WhiteElo "1839"]
[BlackElo "1571"]

1. Nc3 Nc6 2. Nf3 Nf6 3. e4 e5 4. d4 d6 5. d5 Nd4 6. Nxd4 exd4 7. Qxd4 Be7 8.
Bb5+ Bd7 9. Bxd7+ Nxd7 10. Bh6 Bf6 11. Qe3 gxh6 12. Qxh6 1-0

[Event "Let's Play Chess!"]
[Site "http://www.queenalice.com/game.php?id=1419484"]
[Date "2016.4.23"]
[Round "-"]
[White "Tomas777"]
[Black "charles31"]
[Result "0-1"]
[WhiteElo "1561"]
[BlackElo "1849"]

1. c4 e5 2. d4 exd4 3. Qxd4 Nc6 4. Qd3 d6 5. e4 Ne5 6. Qd5 c6 7. Qd2 g6 8. b3 a5
9. Be2 Be6 10. Nf3 Nxf3+ 11. Bxf3 Nf6 0-1

[Event "christine - 27"]
[Site "http://www.queenalice.com/game.php?id=1419491"]
[Date "2016.4.23"]
[Round "-"]
[White "christine91"]
[Black "Tomas777"]
[Result "1-0"]
[WhiteElo "1914"]
[BlackElo "1395"]

1. e4 d5 2. exd5 Qxd5 3. Nc3 Qc6 4. d4 Nf6 5. Be3 e6 6. Bd3 Bd6 7. Nf3 O-O 8.
O-O Qb6 9. Rb1 Nbd7 10. d5 Bc5 11. Na4 Qd6 12. Nxc5 e5 13. c4 e4 14. Nxe4 Qe7
15. Qc2 h6 16. Rfe1 1-0

[Event "christine - 29"]
[Site "http://www.queenalice.com/game.php?id=1419493"]
[Date "2016.4.23"]
[Round "-"]
[White "christine91"]
[Black "Tomas777"]
[Result "1-0"]
[WhiteElo "1939"]
[BlackElo "1528"]

1. Nf3 Nc6 2. d4 d5 3. Nc3 Nf6 4. e3 Bf5 5. Bd3 e6 6. O-O Bd6 7. Nb5 O-O 8. Bxf5
exf5 9. Bd2 h6 10. Nxd6 cxd6 11. c3 Ne4 12. Ne1 Ne7 13. f3 Ng5 14. Qb3 f6 15.
Rb1 b6 16. Nd3 a5 17. a4 Qc8 18. Qxb6 Qd7 19. Qb5 1-0

[Event "Challenge"]
[Site "http://www.queenalice.com/game.php?id=1419506"]
[Date "2016.4.23"]
[Round "-"]
[White "Tomas777"]
[Black "Mr_SPOCK"]
[Result "0-1"]
[WhiteElo "1470"]
[BlackElo "1792"]

1. e4 e5 2. d4 exd4 3. Qxd4 Nc6 4. Qc3 Bb4 5. a3 Bxc3+ 6. Nxc3 Ne5 7. Be2 Nf6 8.
Nf3 Nxf3+ 9. Bxf3 O-O 10. O-O d6 11. Be3 c5 12. Rad1 Qb6 13. b3 Bd7 14. a4 a5
15. h3 d5 16. exd5 Rae8 0-1

[Event "Let's Play Chess!"]
[Site "http://www.queenalice.com/game.php?id=1419617"]
[Date "2016.4.24"]
[Round "-"]
[White "ulisses67"]
[Black "Tomas777"]
[Result "1-0"]
[WhiteElo "1567"]
[BlackElo "1669"]

1. e4 e5 2. Nf3 Nc6 3. a4 a5 4. Nc3 Nf6 5. Bc4 Qe7 6. Ng5 Nd8 7. d4 d6 8. dxe5
dxe5 9. Nd5 Qd6 10. h4 h5 11. b3 Be7 12. Ba3 Qc6 13. Bb5 O-O 14. Nxe7+ 1-0

[Event "christine - 49"]
[Site "http://www.queenalice.com/game.php?id=1419808"]
[Date "2016.4.25"]
[Round "-"]
[White "christine91"]
[Black "Tomas777"]
[Result "1-0"]
[WhiteElo "1893"]
[BlackElo "1591"]

1. a3 a5 2. e4 e5 3. Nc3 Nf6 4. d3 c6 5. Nf3 d6 6. Be2 Be7 7. O-O O-O 8. h3 Be6
9. Bg5 Nfd7 10. Bxe7 Qxe7 11. Qd2 h6 12. d4 1-0

[Event "christine - 50"]
[Site "http://www.queenalice.com/game.php?id=1419809"]
[Date "2016.4.25"]
[Round "-"]
[White "Tomas777"]
[Black "christine91"]
[Result "0-1"]
[WhiteElo "1500"]
[BlackElo "1933"]

1. e4 e5 2. d4 exd4 3. e5 c5 4. Bc4 Nc6 5. Qf3 Nxe5 6. Qe4 Qc7 7. Qf5 d6 8. Qf4
Nf6 9. Nd2 Be6 10. Ne2 Ng6 0-1